Central Library OPAC University of Rajshahi

Design and Analysis of Experiments in psychology and education / (Record no. 30023)

MARC details
000 -LEADER
fixed length control field 00652nam a22002177a 4500
001 - CONTROL NUMBER
control field 30023
003 - CONTROL NUMBER IDENTIFIER
rucl marc code BD-RjUL
005 - DATE AND TIME OF LATEST TRANSACTION
control field 20211209051511.0
008 - FIXED-LENGTH DATA ELEMENTS--GENERAL INFORMATION
fixed length control field 140408t19561953enka|||| |||| 001 0 eng d
035 ## - SYSTEM CONTROL NUMBER
System control number (BD-RjUL)30108
040 ## - CATALOGING SOURCE
Original cataloging agency BD-RjUL
Language of cataloging eng
Transcribing agency BD-RjUL
Modifying agency BD-RjUL
041 ## - LANGUAGE CODE
Language code of text/sound track or separate title eng
082 04 - DEWEY DECIMAL CLASSIFICATION NUMBER
Edition number 19
Classification number 301.018
Author mark and year LID 1956
100 1# - MAIN ENTRY--PERSONAL NAME
Personal name Lindquist, E.F.
9 (RLIN) 91329
245 1# - TITLE STATEMENT
Title Design and Analysis of Experiments in psychology and education /
Statement of responsibility, etc. by E.F. Lindquist
260 ## - PUBLICATION, DISTRIBUTION, ETC. (IMPRINT)
Place of publication, distribution, etc. Boston :
Name of publisher, distributor, etc. Houghton mifflin com.,
Date of publication, distribution, etc. 1956.
300 ## - PHYSICAL DESCRIPTION
Pagination xix, 393p. :
Illustrations illus. ;
Size 23cm.
504 ## - BIBLIOGRAPHY, ETC. NOTE
Bibliography, etc Include index
650 #0 - SUBJECT ADDED ENTRY--TOPICAL TERM
Topical term or geographic name as entry element Experimental design.
9 (RLIN) 91330
942 ## - ADDED ENTRY ELEMENTS (KOHA)
Source of classification or shelving scheme Dewey Decimal Classification
Koha item type Books
Holdings
Lost status Source of classification or shelving scheme Damaged status Not for loan Collection code Permanent Location Current Location Shelving location Date acquired Source of acquisition Total Checkouts Full call number Date last seen Copy number Koha item type Cost, normal purchase price
  Dewey Decimal Classification     Non-fiction Central Library, University of Rajshahi Central Library, University of Rajshahi   04/12/1973 U.S.Govt.   301.018 LID 1956 08/04/2014 C-2 Books  
  Dewey Decimal Classification     Non-fiction Central Library, University of Rajshahi Central Library, University of Rajshahi   04/12/1973 U.S.Govt. Gift   301.018 LID 1956 08/04/2014 C-10 Books  
  Dewey Decimal Classification     Non-fiction Central Library, University of Rajshahi Central Library, University of Rajshahi   04/12/1973 U.S.Govt. Gift   301.018 LID 1956 08/04/2014 C-8 Books  
  Dewey Decimal Classification     Non-fiction Central Library, University of Rajshahi Central Library, University of Rajshahi   04/12/1973 U.S.Govt. Gift   301.018 LID 1956 08/04/2014 C-4 Books  
  Dewey Decimal Classification     Non-fiction Central Library, University of Rajshahi Central Library, University of Rajshahi   04/12/1973 U. S. Govt.   301.018 LID 1956 08/04/2014 C-5 Books 0.00
  Dewey Decimal Classification     Non-fiction Central Library, University of Rajshahi Central Library, University of Rajshahi   04/12/1973 U. S. Govt.   301.018 LID 1956 08/04/2014 C-6 Books 0.00